000 00989nam a2200265 i 4500
001 000034012
003 DO-SdBNP
005 20240529121143.0
007 ta
008 110921s1987 dr ac 000 0 spa d
040 _aDO-SdBNP
_bspa
_cBNPHU
_erda
082 4 _a338.4768097293
_bG216h
_222
100 1 _a García Arévalo, Manuel Antonio,
_d1948-
_959457
_eautor
245 1 0 _aHacia una política de desarrollo artesanal en la República Dominicana /
_cManuel A. Gacía Arevalo ; edición, José Alcántara Almánzar
264 _aSanto Domingo :
_bFundación García Arévalo,
_c1987.
300 _a112 páginas:
_bilustraciones, retratos ;
_c22 cm.
336 _2rdacontent
_atexto
_btxt
337 _2rdamedia
_asin mediación
_bn
338 _2rdacarrier
_avolumen
_bnc
590 _aInventariado,2018/DG
650 4 _aArtesanos
_zRepública Dominicana
_959458
650 4 _aArtesanías
_zRepública Dominicana
_959459
910 _aValidado. Control de calidad MFF
942 _2ddc
_cLBS1
999 _c33503
_d33503